00493cam a22001574a 4500020002800000041000800028082001700036100002200053245002500075260006000100300001600160650003900176942000700215952009600222999001700318 a1563383349 (alk. paper) aENG00a226.066bGOO1 aGoodacre, Mark S.14aThe case against Q : aHarrisburg, Pa. :bTrinity Press International,cc2002. ax, 228 p. ; 0aQ hypothesis (Synoptics criticism) cBK 00104070aHMIbHMIcGENd2018-11-16l0o226.066 GOOp11003856r2026-01-16w2026-01-16yBK c22511d22511